Statistics for BFDI Characters Quiz

Click here to take the quiz!

General Stats

  • This quiz has been taken 3,791 times
    (2,789 since last reset)
  • The average score is 48 of 77

Answer Stats

ShowBFDI% Correct
BFDIFirey
91%
BFDIPen
91%
BFDIFlower
87%
BFDILeafy
87%
BFDIPencil
84%
BFDIBlocky
82%
BFBFour
82%
BFDIMatch
82%
BFDIBubble
81%
BFDIGolf Ball
81%
BFDITennis Ball
81%
BFBX
79%
BFDIAnnouncer
78%
BFDICoiny
78%
BFDIPin
78%
BFDIIce Cube
77%
BFDITeardrop
77%
TPOTTwo
77%
BFDIEraser
76%
BFDISnowball
74%
BFDIAPuffball
73%
BFDISpongy
73%
BFDIDavid
71%
BFDIRocky
71%
BFDIABook
70%
BFDIWoody
69%
BFDIARuby
67%
IDFBBlack Hole
66%
BFDIADonut
66%
BFDINeedle
66%
BFDIADora
65%
BFDIAYellow Face
65%
BFDIAGelatin
64%
TPOTWinner
64%
BFBLoser
63%
BFDIFirey Speaker Box
62%
IDFBTree
62%
IDFBBasketball
61%
BFDIAFries
61%
BFDIANickel
61%
BFDIATV
59%
BFDIABomby
58%
IDFBLollipop
58%
IDFBFanny
57%
IDFBMarker
57%
IDFB8-Ball
55%
BFDIFlower Speaker Box
54%
IDFBBarf Bag
53%
IDFBPillow
52%
IDFBRemote
52%
IDFBRobot Flower
52%
IDFBBell
51%
IDFBGrassy
51%
IDFBLightning
51%
TPOTPrice Tag
51%
IDFBTaco
51%
IDFBCloudy
50%
BFBLiy
50%
IDFBRoboty
50%
IDFBBalloony
49%
IDFBBottle
49%
BFBFoldy
49%
IDFBCake
48%
IDFBClock
48%
IDFBPie
48%
BFDIAPuffball Speaker Box
48%
BFBPurple Face
48%
IDFBEggy
46%
BFDIAEvil Leafy
46%
IDFBGaty
46%
IDFBNaily
46%
BFBStapy
46%
IDFBFirey Jr.
45%
IDFBSaw
45%
IDFBBracelety
40%
BFBProfily
30%
IDFBNonexisty
27%

Score Distribution

Percentile by Number Answered

Percent of People with Each Score

Your Score History

You have not taken this quiz since the last reset